| 000 | 00572nam a2200181 i 4500 | ||
|---|---|---|---|
| 001 | 146779 | ||
| 003 | ES-MaACL | ||
| 005 | 20230906201652.0 | ||
| 007 | t| | ||
| 008 | 070917m19711972sp ||||1| spa d | ||
| 100 | 1 |
_aTroncoso de Castro, Antonio. _9111503 |
|
| 245 | 1 | 0 |
_aGeografía turística de España / _cAntonio Troncoso de Castro, Mª del Pilar Reigada de Pablo. |
| 260 |
_a[Valladolid] : _bInsula, _c[1971-1972] |
||
| 300 |
_a2 v. ; _c24 cm. |
||
| 500 | _at. 1 y 2. | ||
| 700 | 1 |
_aReigada de Pablo, Mª del Pilar. _996004 |
|
| 852 |
_aES-MaACL _jP-1571 _bR.79905 |
||
| 999 |
_c146779 _d146779 |
||